|
|
|
|
| LEADER |
00000cam a2200000 c 4500 |
| 001 |
537010440 |
| 003 |
DE-627 |
| 005 |
20240709211123.0 |
| 007 |
tu |
| 008 |
070710s1660 xx ||||| 00| ||lat c |
| 024 |
7 |
|
|a VD17 14:653165G
|2 vd17
|
| 026 |
|
|
|e iii- isy- y-nc ncem C 1660R
|2 fei
|
| 035 |
|
|
|a (DE-627)537010440
|
| 035 |
|
|
|a (DE-576)9537010449
|
| 035 |
|
|
|a (DE-599)GBVVDS005332583
|
| 035 |
|
|
|a (VD17)005332583
|
| 040 |
|
|
|a DE-627
|b ger
|c DE-627
|e rakwb
|
| 041 |
|
|
|a lat
|
| 044 |
|
|
|c XA-DXDE
|
| 084 |
|
|
|a 1
|2 ssgn
|
| 100 |
1 |
|
|0 (DE-588)120369060
|0 (DE-627)080631525
|0 (DE-576)292182678
|4 aut
|a Rütenick, Johann Matthias
|d 1633-1660
|
| 109 |
|
|
|a Rütenick, Johann Matthias 1633-1660
|a Rutenik, Johann Matthias 1633-1660
|a Rütenick, Johann Mathias 1633-1660
|a Rütenick, Johannes Matthias 1633-1660
|a Rütenik, Johannes Matthias 1633-1660
|a Rütenick, Johannes Mathias 1633-1660
|a Rutenik, Johannes Matthias 1633-1660
|a Rutenick, Johannes Matthias 1633-1660
|a Rütenik, Johann Matthias 1633-1660
|a Rutenick, Johann Matthias 1633-1660
|a Rutenikus, Johannes Matthias 1633-1660
|a Ruttnick, Johannes Matthias 1633-1660
|
| 245 |
1 |
0 |
|a Theoremata Chronologica. De Annis Mysticis
|c quae ... In alma Leucorea Examini publico subiicient M. Joh. Matth. Rütenick, Primislau: Marchicus. Et Justus Gotofredus Rabnerus Sora-Lus: Alumn: Elect. Die XII. Maii.
|
| 264 |
|
1 |
|a Wittebergae
|b Wendt
|c 1660
|
| 300 |
|
|
|a [4] Bl
|c 4°
|
| 336 |
|
|
|a Text
|b txt
|2 rdacontent
|
| 337 |
|
|
|a ohne Hilfsmittel zu benutzen
|b n
|2 rdamedia
|
| 338 |
|
|
|a Band
|b nc
|2 rdacarrier
|
| 500 |
|
|
|a Schlüsselseiten aus dem Exemplar der SLUB Dresden: Coll.diss.A.99,63
|
| 655 |
|
7 |
|a Dissertation:phil
|0 (DE-627)096631163
|2 local
|
| 700 |
1 |
|
|0 (DE-588)118073141
|0 (DE-627)133858073
|0 (DE-576)213052601
|4 aut
|a Rabener, Justus Gottfried
|d 1634-1699
|
| 700 |
1 |
|
|0 (DE-588)1037503821
|0 (DE-627)756075483
|0 (DE-576)39156255X
|4 prt
|a Wendt, Michael
|
| 710 |
2 |
|
|a Universität Wittenberg
|4 oth
|
| 751 |
|
|
|a Wittenberg
|4 pup
|
| 776 |
0 |
8 |
|i Erscheint auch als
|n CD-ROM-Ausgabe
|a Rütenick, Johann Matthias, 1633 - 1660
|t Theoremata Chronologica. De Annis Mysticis
|d Wittebergae : Wendt, 1660
|h [4] Bl
|w (DE-627)642367779
|w (DE-576)9642367777
|k Electronic
|
| 856 |
4 |
1 |
|u http://digital.slub-dresden.de/id434220175
|x Digitalisierung
|z // 2015 digitalisiert von꞉ SLUB Dresden. Exemplar mit der Signatur꞉ Coll.diss.A.99,63
|z kostenfrei
|3 Volltext
|7 0
|
| 935 |
|
|
|a RFBW
|a mteo
|
| 951 |
|
|
|a BO
|
| ELC |
|
|
|b 1
|
| LOK |
|
|
|0 000 xxxxxcx a22 zn 4500
|
| LOK |
|
|
|0 001 4493082860
|
| LOK |
|
|
|0 003 DE-627
|
| LOK |
|
|
|0 004 537010440
|
| LOK |
|
|
|0 005 20240516141120
|
| LOK |
|
|
|0 008 240228||||||||||||||||ger|||||||
|
| LOK |
|
|
|0 040
|a DE-Tue135
|c DE-627
|d DE-Tue135
|
| LOK |
|
|
|0 092
|o n
|
| LOK |
|
|
|0 852
|a DE-Tue135
|
| LOK |
|
|
|0 852 1
|9 00
|
| LOK |
|
|
|0 866
|x SPQUE#Reformationsgeschichtliche Forschungsbibliothek Wittenberg#SPSAM#Predigerseminar#SPUSM#Altbestand#SPSYS#Dissertationen
|
| LOK |
|
|
|0 935
|a RFBW
|a bips
|a psab
|
| LOK |
|
|
|0 939
|a 28-02-24
|b l01
|
| OAS |
|
|
|a 1
|
| ORI |
|
|
|a SA-MARC-ixtheoa001.raw
|